01245nam a22001577a 4500999001900000008004100019100002700060245004000087260002100127300003900148520074600187773002100933906001200954942000700966952011400973 c524777d524777240117b ||||| |||| 00| 0 eng d aSingh, Mandeep 948108 aOf military history and war diaries aU.S.I. Journal  a153(633), Jul-Sep, 2023: p.383-389 aThe study of military history is as old as the history of mankind itself. Earlier the accounts of battles and wars were recorded in the form of epics and ballads. The forms of recording military accounts and events evolved with time, with war diaries being used as the primary source for writing of military history since the turn of the twentieth century. As the military histories are used to examine the past and make decisions about the future, it is essential that these are written honestly. Timely and honest generation and maintenance of war diaries is essential so that not only the military histories are written correctly but the right lessons are learnt from them.- Reproduced https://www.usiofindia.org/pdf/20231019144718.pdf  aU.S.I. Journal  aDEFENCE cAR 00102ddc40709399823aIIPAbIIPAd2024-01-17h153(633), Jul-Sep, 2023: p.383-389pAR130583r2024-01-17yAR